00302 a2200109 4500001000700000020000600007040001100013100000600024240007900030245007400109362000900183163976 a  cMagnum a-10aA aldeia indigena: a guerra dos saboes entre os pes-pretos e os peleslpor10aA aldeia indigena: a guerra dos saboes entre os pes-pretos e os peles0 a1899